La ilustración y su proyecto en el mundo contemporáneo

Wedi'i Gadw mewn:
Manylion Llyfryddiaeth
Awduron Corfforaethol: Escuela de Negocios de Valparaíso (Awdur), Fundación Adolfo Ibáñez (Awdur)
Fformat: Llyfr
Iaith:Sbaeneg
Cyhoeddwyd: Valparaíso Universidad Técnica Federico Santa María 1978
Pynciau:
Tagiau: Ychwanegu Tag
Dim Tagiau, Byddwch y cyntaf i dagio'r cofnod hwn!

MARC

LEADER 00000nam a2200000 a 4500
001 UCZ8634
003 CL-VaPUC
008 960125e19780000CL |||||||||||||||||spa|d
082 0 4 |a 320.5  |b ESC  |2 21 
110 2 |a Escuela de Negocios de Valparaíso  |e author  |9 353997 
710 2 |a Fundación Adolfo Ibáñez  |e author  |9 353998 
245 1 3 |a La ilustración y su proyecto en el mundo contemporáneo 
300 |a 42 p 
942 |c BK 
945 |d 19960125 00:00:00  |a cmena 
260 |a Valparaíso  |b Universidad Técnica Federico Santa María  |c 1978 
600 0 |a Rosseau, Jean Jacques  |9 353999 
600 0 7 |a VOLTAIRE  |2 CL-VaPUC  |9 314050 
650 0 |a Ideologías  |9 255200 
650 0 |a Doctrinas políticas  |9 255835 
650 0 |a Escuelas filosóficas   |9 266232 
650 7 |a FILOSOFIA POLITICA  |2 CL-VaPUC  |9 354000 
650 0 |a Ciencias Políticas  |9 255201 
650 0 |a Filosofía francesa   |9 255698 
650 0 |a Movimientos políticos   |9 338922 
650 7 |a REVOLUCION  |2 CL-VaPUC  |9 338298 
583 |a last modification  |c 19960125 00:00:00  |k Rodrigo Vera 
999 |c 244491  |d 244489 
952 |0 0  |1 0  |4 0  |6 320_500000000000000_ESC_1978  |7 0  |8 A  |9 258565  |a BIBEDU  |b BIBEDU  |d 2019-11-19  |i 1621602  |o 320.5 ESC 1978  |p 1621602  |r 2019-11-19  |w 2019-11-19  |y BK  |k FIL